Windsor and Maidenhead RBC and Amalgamated Berkshire Holdings Ltd (Record no. 62458)
[ view plain ]
| 000 -LEADER | |
|---|---|
| fixed length control field | 01047cam a2200193 4500 |
| 001 - CONTROL NUMBER | |
| control field | X104078 |
| 008 - FIXED-LENGTH DATA ELEMENTS--GENERAL INFORMATION | |
| fixed length control field | 000000n1999 000 0 eng u |
| 035 ## - SYSTEM CONTROL NUMBER | |
| System control number | (Sirsi) u104078 |
| 245 ## - TITLE STATEMENT | |
| Title | Windsor and Maidenhead RBC and Amalgamated Berkshire Holdings Ltd |
| 260 ## - PUBLICATION, DISTRIBUTION, ETC. | |
| Date of publication, distribution, etc. | 1999 |
| 490 ## - SERIES STATEMENT | |
| Series statement | Planning Appeal Decisions |
| Volume/sequential designation | [1999] 14 PAD 699-704(6) |
| 520 ## - SUMMARY, ETC. | |
| Summary, etc. | Office buildings - demolition and erection - car parking - whether a major business development - policies of restraint - vitality of shopping area - character and appearance of area - size and scale of building - structure plan - town map - draft local plan - town centre commercial boundary - secondary shopping area - lawful uses of site - Class B1 offices - loss of retail uses - PPG6 (headnote from journal) |
| 650 ## - SUBJECT ADDED ENTRY--TOPICAL TERM | |
| Topical term or geographic name entry element | WINDSOR AND MAIDENHEAD RBC AND AMALGAMATED BERKSHIRE HOLDINGS LTD |
| 650 ## - SUBJECT ADDED ENTRY--TOPICAL TERM | |
| Topical term or geographic name entry element | PLANNING POLICY GUIDANCE NOTE SIX |
| 650 ## - SUBJECT ADDED ENTRY--TOPICAL TERM | |
| Topical term or geographic name entry element | TOWN CENTRE |
| 650 ## - SUBJECT ADDED ENTRY--TOPICAL TERM | |
| Topical term or geographic name entry element | OFFICE BUILDINGS |
| 690 ## - LOCAL SUBJECT ADDED ENTRY--TOPICAL TERM (OCLC, RLIN) | |
| Topical term or geographic name as entry element | ENVIRONMENTAL AND LAND CONSULTANCY-PLANNING AND DEVELOPMENT |
| 942 ## - ADDED ENTRY ELEMENTS (KOHA) | |
| Suppress in OPAC | 0 |
| Withdrawn status | Lost status | Source of classification or shelving scheme | Damaged status | Not for loan | Home library | Current library | Shelving location | Date acquired | Total Checkouts | Full call number | Barcode | Date last seen | Copy number | Price effective from | Koha item type |
|---|---|---|---|---|---|---|---|---|---|---|---|---|---|---|---|
| Dewey Decimal Classification | London | London | Journal article | 08/02/2000 | X104078 | 104078-1001 | 06/08/2019 | 1 | 06/08/2019 | Law report |